¿Quién quiere ser profesor en Colombia? : disposición geográfica de una preferencia académica /

Detalles Bibliográficos
Autores principales: Guevara Ramírez, René (Autor), Téllez Rico, Sandra Milena (Autor), Jiménez Galindo, Adriana Lucero (Autor)
Formato: Electrónico eBook
Lenguaje:español
Publicado: Bogotá, Colombia : Editorial Aula de Humanidades, 2025.
Edición:Primera edición.
Colección:Colección Educación (Editorial Aula de Humanidades). Serie Educación e inclusión.
Materias:
Acceso en línea:Digitalia Hispánica

MARC

LEADER 00000nam a2200000Ii 4500
001 DIGAUHUM0108
003 NyNyDIG
006 m o d
007 cr |||||||||||
008 260205s2025 ck ob 000 0 spa d
035 |a (OCoLC)1573182030 
040 |a DGITA  |b eng  |e rda  |e pn  |c DGITA 
020 |a 9786287777613  |q (versión digital) 
020 |z 9786287777606  |q (versión impresa) 
050 1 4 |a LB1705 ebook 
100 1 |a Guevara Ramírez, René,  |e author. 
245 1 0 |a ¿Quién quiere ser profesor en Colombia? :  |b disposición geográfica de una preferencia académica /  |c René Guevara Ramírez, Sandra Milena Téllez Rico, Adriana Lucero Jiménez Galindo. 
250 |a Primera edición. 
264 1 |a Bogotá, Colombia :  |b Editorial Aula de Humanidades,  |c 2025. 
300 |a 1 online resource. 
336 |a text  |b txt  |2 rdacontent 
337 |a computer  |b c  |2 rdamedia 
338 |a online resource  |b cr  |2 rdacarrier 
347 |a text file  |2 rdaft 
347 |b PDF 
490 1 |a Colección Educación. Serie Educación e inclusión 
504 |a Includes bibliographical references. 
588 0 |a Online resource; title from PDF title page (Digitalia, viewed February 5, 2026) 
650 0 |a Teachers  |x Training of  |z Colombia. 
650 0 |a Education  |x Aims and objectives. 
700 1 |a Téllez Rico, Sandra Milena,  |e author. 
700 1 |a Jiménez Galindo, Adriana Lucero,  |e author. 
791 2 |a Digitalia (Firm),  |e distributor. 
793 0 |g Digitalia eBook Collection:  |a Editorial Aula de Humanidades 
776 0 8 |i Print version:  |a Guevara Ramírez, René.  |t ¿Quién quiere ser profesor en Colombia?.  |b Primera edición.  |d Bogotá, Colombia : Editorial Aula de Humanidades, 2025  |z 9786287777606 
830 0 |a Colección Educación (Editorial Aula de Humanidades).  |p Serie Educación e inclusión. 
856 4 0 |3 Digitalia Hispánica  |u https://www.digitaliapublishing.com/a/183368/ 
910 |a Premium collection: 2026